Mazurek op. 49 Sonata F dur op. 57, Romantické kusy op. 75, Sonatina G dur op. 100 /

Hlavní autor: Dvořák, Antonín, 1841-1904
Další autoři: Dvořák, Antonín, 1841-1904., Dvořák, Antonín, 1841-1904., Dvořák, Antonín, 1841-1904., Matoušek, Bohuslav, 1949-, Adamec, Petr, 1941-
Jazyk: Čeština
Vydáno: Praha : Foibos Press, p2004
Témata:
Fyzický popis: 1 zvuková deska (64:57) : digital ; 12 cm + 1 leták (12 x 24 cm)
Zvukové nahrávky
Uloženo v:
LEADER 01704njm a2200397 a 4500
001 000792897
003 CZ BrMZK
005 20160829141242.0
007 sd fsngnnmmned
008 051011s2004 xr mu g cze d
040 |a BOA001  |b cze 
047 |a sn  |a zz 
048 |a ka01  |b sa01 
100 1 |a Dvořák, Antonín,  |d 1841-1904  |7 jn19981000826  |4 cmp 
245 1 0 |a Mazurek op. 49  |h [zvukový záznam],  |b Sonata F dur op. 57, Romantické kusy op. 75, Sonatina G dur op. 100 /  |c Antonín Dvořák 
260 |a Praha :  |b Foibos Press,  |c p2004 
300 |a 1 zvuková deska (64:57) :  |b digital ;  |c 12 cm +  |e 1 leták (12 x 24 cm) 
306 |a 010457 
500 |a Kompaktní deska (DDD) 
500 |a Název z obalu 
511 0 |a Bohuslav Matoušek, housle; Petr Adamec, klavír 
518 |a Nahráno v klašteře sv. Anežky v Praze v roce 1992 
580 |a Vydáno jako příloha časopisu Sanquis, č. 36/2004 
650 0 7 |a drobné skladby (housle, klavír)  |7 ph452599  |2 czenas 
650 0 7 |a sonáty (housle, klavír)  |7 ph452687  |2 czenas 
655 7 |a kompaktní desky  |7 fd201991  |2 czenas 
700 1 2 |a Dvořák, Antonín,  |d 1841-1904.  |t Sonáty,  |m housle, klavír,  |n op. 57,  |r F dur  |7 aun2007391779 
700 1 2 |a Dvořák, Antonín,  |d 1841-1904.  |t Romantické kusy  |7 aun2007386594 
700 1 2 |a Dvořák, Antonín,  |d 1841-1904.  |t Sonatina,  |m housle, klavír,  |n op. 100,  |r G dur  |7 aun2007386625 
700 1 |a Matoušek, Bohuslav,  |d 1949-  |7 jn99240000693  |4 itr 
700 1 |a Adamec, Petr,  |d 1941-  |7 jn20000620001  |4 itr 
772 0 |t Sanquis 
910 |a BOA001  |b CD-0012.698 
990 |a AV 
991 |b 200511 
996 6 |b 261H013944  |c CD-0012.698  |l MZK  |r Sklad / do 24 hodin  |n 0  |w 000792897  |u 000010  |a 1  |e BOA001  |j MZK50  |s P